Score 0/13 Timer 02:00
3 Plays Today
Clue 4-Letter Word % Correct
Harry Potter's weapon of choiceWAND
97.7%
Express desire for somethingWANT
96.9%
Musical group composed of 3 or more membersBAND
96%
Help another person to eatFEED
95.5%
A natural curveBEND
92.3%
Novel: 'A ___ Grows in Brooklyn'TREE
91.1%
Look after oneselfFEND
89.8%
Former SNL performer ArmisenFRED
89.2%
Unencumbered or able to make decisionsFREE
88.9%
* 1969 Movie: '___ [rung 13]' *
or Honest and factual
*TRUE*
86.5%
Remain immobile or anticipate somethingWAIT
82.9%
A document issued by a court of lawWRIT
75.9%
* 2010 Remake: '[rung 1] ___' *
or Strong resolve in the face of difficulty
*GRIT*
74.6%

Today's Daily Dose

Remove Ads.
Support Sporcle.
Get the best of Sporcle when you Go Orange. This ad-free experience offers more features, more stats, and more fun while also helping to support Sporcle. Thank you for becoming a member.

You're not logged in!

Compare scores with friends on all Sporcle quizzes.
OR
Log In

Show Comments

Extras

Top Quizzes Today


Score Distribution

Your Account Isn't Verified!

In order to create a playlist on Sporcle, you need to verify the email address you used during registration. Go to your Sporcle Settings to finish the process.

Report this User

Report this user for behavior that violates our Community Guidelines.

Details: